Derecho penal : la ley. El delito. El proceso y la pena /
Guardado en:
| Autor Principal: | |
|---|---|
| Otros Autores: | |
| Formato: | Libro |
| Idioma: | Spanish |
| Publicado: |
Buenos Aires :
Hammurabi,
2005
|
| Edición: | 1a. ed. 1a. reimpr. |
| Materias: | |
| Etiquetas: |
Agregar Etiqueta
Sin Etiquetas, Sea el primero en etiquetar este registro!
|
| LEADER | 01250nam a22002055a 4500 | ||
|---|---|---|---|
| 001 | DER.der003723 | ||
| 008 | 180615s2005####ag#####|###|#|######spa|| | ||
| 005 | 20250716152103.0 | ||
| 245 | 1 | 0 | |a Derecho penal : |b la ley. El delito. El proceso y la pena / |c Esteban Righi y Alberto A. Fernández. |
| 250 | |a 1a. ed. 1a. reimpr. | ||
| 260 | |a Buenos Aires : |b Hammurabi, |c 2005 | ||
| 300 | |a 542 p. | ||
| 500 | |a Cuestiones fundamentales. Nociones preliminares. La ley penal. El delito. Introducción. El hecho punible. La acción. El delito doloso de comisión. Tipicidad. Antijuridicidad. Culpabilidad. Otras condiciones de punibilidad. Otras modalidades del hecho punible. El delito de omisión. El delito culposo. Autoría y participación criminal. La tentativa. Concurso de delitos. El procedimiento penal. El derecho procesal penal. La pretensión punitiva. El proceso penal. Estructura del proceso penal. La Coerción penal. El sistema de reacciones penales. Individualización de la pena. | ||
| 505 | 0 | |t Apéndice: Casos de derecho penal | |
| 020 | |a 9508911999 | ||
| 100 | 1 | |a Righi, Esteban | |
| 700 | 1 | |a Fernández, Alberto A. | |
| 650 | 7 | |a DERECHO PENAL | |
| 859 | |a DERECHO |b BIB. DERECHO |h 345 |i RIG |p 005307 | ||
| 859 | |a DERECHO |b BIB. DERECHO |h 345 |i RIG |p 005803 |t 1 | ||
